000 01848nam2a2200337 4500
001 RU\NLR\BIBL_A\011479287
005 20201210162836.0
010 _a978-5-09-053935-7
_b1
_92000
021 _aRU
_b2017-63382
_94492
021 _aRU
_bКН-П-20-030098
_9КН-П-20-2314
021 _aRU
_bКН-П-20-049168
_9КН-П-20-3719
021 _aRU
_bКН-П-21-068345
_9КН-П-21-5409
021 _aRU
_bКН-П-18-079893
_9КН-П-18-5786
035 _a(NLR Aleph) 011479287
035 _a(RuMoRGB)010404512
035 _a(RuMoRGB)010341803
035 _a(RuMoRGB)009782371
090 _a11891385
_c11891385
100 _a20170927d2018 c y0rusy50 ca
101 0 _arus
102 _aRU
105 _aa|||j|||000yy
200 0 _aЧ. 1
210 _d2018
_d[т.е. 2017]
215 _a127, [1] с.
_cцв. ил.
300 _aКн. фактически изд. в 2017 г.
461 0 _1001RU\NLR\BIBL_A\011489946
_12001#$aМатематика$e2 класс$eучебник для общеобразовательных организаций, реализующих адаптированные основные общеобразовательные программы$eв 2 частях$fТ. В. Алышева$vЧ. 1
_1700#1$aАлышева$bТ. В.$gТатьяна Викторовна
_911939555
_aАлышева, Т. В.
_cМосква
_d2018
_e8-е изд., перераб.
_fТ.В. Алышева
_nПросвещение
_o2 класс : учебник для общеобразовательных организаций, реализующих адаптированные основные общеобразовательные программы : в 2 частях
_tМатематика
_y9785090539364
_vЧ. 1
942 _cBOOK
980 _aNB